000 00497nam a22001817a 4500
005 20251023113559.0
008 251023b |||||||| |||| 00| 0 eng d
040 _aMAIN
082 _a338.479154
_bN629T
100 _aNiraj Kumar
245 _aTourism in India: An assessment of its policy and future planning
260 _bDepartment of IHTM, M D University, Rohtak
_c2025
300 _axx, 279
650 _aTourism
650 _aIndia-Tourism
700 _aDahiya, Ashish
942 _cTH
999 _c393625
_d393625